000 00403nam a22001697a 4500
003 SGT
020 _a9789366161334
082 _a616.07
_bE25M
100 _aMohan, Harsh
245 _aEssential Pathology for Dental Students
250 _a6th Ed.
260 _aNew Delhi, India
_bJaypee Publishers
_c2025
300 _a532
650 _aPathology
700 _aMojgant, Sugandha
942 _2ddc
_cBK
999 _c32871
_d32871